000 01625nam a2200469 i 4500
001 24466
003 KOSZ 005
005 20200416101453.0
008 970510s1995 pl a |001 0 pol
015 _aUWD 1995/6002
020 _a8301116641
035 _a991000056159705066
035 _a(PL-WaBN)b10053189-48omnis_nlop
035 _ab10053189
035 _a(OCoLC)830050612
035 _a(PL)b0000001005318
035 _a(EXLNZ-48OMNIS_NETWORK)9910264642705606
040 _aWA N
_cWA N
_dKOSZ 005/AR
080 _a520/524
080 _a523
100 1 _aArtymowicz, Paweł
_d(1961- )
_eAutor
245 1 0 _aAstrofizyka układów planetarnych /
_cPaweł Artymowicz.
260 _aWarszawa :
_bWydawnictwo Naukowe PWN,
_c1995
300 _a550, [1] strona, [28] stron tablic :
_bilustracje ;
_c21 cm.
336 _aTekst
_btxt
_2rdacontent
337 _aBez urządzenia pośredniczącego
_bn
_2rdamedia
338 _aWolumin
_bnc
_2rdacarrier
380 _aKsiążki
388 _a1901-2000
388 _a1989-2000
490 1 _aAstrofizyka
504 _aBibliografia na stronach 529-541. Indeks.
521 _aKsiążka przeznaczona jest dla studentów fizyki i astronomii, nauczycieli i uczniów starszych klas liceów.
650 7 _aAstrofizyka
_2DBN
650 7 _aUkład Słoneczny
_2DBN
658 _aFizyka i astronomia
710 2 _aWydawnictwo Naukowe PWN
_4pbl
830 0 _aAstrofizyka
856 _uhttp://koha.tu.koszalin.pl/cgi-bin/koha/opac-detail.pl?biblionumber=24466
_yKatalog online BPK
942 _2UKD
_cKS
999 _c24466
_d24466